000 00427nam a2200121Ia 4500
008 220615s9999||||xx |||||||||||||| ||und||
100 _aBarnhart, Joslyn
245 4 _aThe Consequences of Humiliation
_bAnger and Status in World Politics
546 _aEnglish[eng]
650 _aPolitical Science||International Relations
856 _uhttps://library.oapen.org/bitstream/20.500.12657/51046/1/external_content.epub
942 _cEB
999 _c17589
_d17589